[Event "Ufa Young Cup"]
[Site "Ufa"]
[Date "2012.10.13"]
[Round "9.15"]
[White "Plush, Bogdan"]
[Black "Kuzmicheva, Sofja"]
[Result "0-1"]
[WhiteElo "1791"]
[BlackElo "1662"]
[PlyCount "56"]
[EventDate "2012.10.09"]
[EventType "swiss"]
[EventRounds "9"]
[EventCountry "RUS"]
[SourceTitle "EXT 2022"]
[Source "ChessBase"]
[SourceDate "2021.10.06"]
[SourceVersion "1"]
[SourceVersionDate "2021.10.06"]
[SourceQuality "1"]

1. c4 e6 2. Nc3 Nf6 3. g3 d5 4. cxd5 exd5 5. Bg2 c6 6. d3 Bd6 7. e3 0-0 8. Nge2 Re8 9. 0-0 Nbd7 10. a3 Ne5 11. b4 Qe7 12. b5 Bd7 13. bxc6 bxc6 14. h3 Rab8 15. a4 h6 16. Qc2 Qd8 17. Bd2 Qc8 18. Kh2 Ng6 19. Rab1 Nh4 20. Ng1 Nh7 21. Rxb8 Bxb8 22. f4 Nxg2 23. Kxg2 Qa6 24. Nf3 Bf5 25. e4 dxe4 26. dxe4 Bxh3+ 27. Kh2 Qxf1 28. Nh4 g5 0-1